000 02037nam a22004817a 4500
003 AR-RoUNA
005 20260422110451.0
008 260422b |||||||| |||| 00| 0 spa d
040 _aAR-RoUNA
_bspa
_dAR-RoUNA
041 _aspa
044 _aag
110 2 _aEspaña. Ayuntamiento de Barcelona.
_bÁmbito de Descentralización y Relaciones Ciudadanas. Dirección de servicios de Participación.
_927694
245 1 0 _aOrgnización territorial y participación ciudadana en Barcelona.
260 _aBarcelona (España):
_bayuntamiento de Barcelona,
_c1993.
300 _a137 p. :
_btablas
_c30x21 cm
505 0 _tINDICE
505 0 _t1. Del Consejo de Cien a los Consejos de Distrito : un poco de historia. p. 3
505 0 _t2. Los objetivos de la descentralización. p. 15
505 0 _t3. Hacia una nueva división territorial del a Ciudad. p. 15.
505 0 _t 4. El modelo de la descentralización en Barcelona. 23
505 0 _t5. La organización política del Distrito. p. 24
505 0 _t 6. La organización administrativa del Distrito. p. 25.
505 0 _t 7. La descentralización territorial de funciones: las transferencias.p. 27
505 0 _t8. Los recursos
505 0 _a8.1. El Personal. p. 32
505 0 _a 8.2.El presupuesto. p. 37
505 0 _a Ciudad Vella y Eiaxmple. p. 38
505 0 _aSants- Montjuic y Les Corts. p. 39
505 0 _aSarrià-Sant Gervasi y Gràcia. p. 40
505 0 _aHorta-Guinardó y Nou Barris. p. 41
505 0 _aSant Andreu y Sant Martí. p. 42
505 0 _t9. La coordinación municipal de las funciones y de los servicios descentralizados. p. 48
505 0 _t10. La participación Ciudadana. p. 50
650 4 _aUrbanismo
650 4 _aDescentralización
651 4 _aBarcelona (España)
_984
651 4 _aPlanificación territorial
_927695
653 _aParticipación urbana
908 _aImp
942 _2udc
_cLIB
945 _d2026-04-22
980 _65
_aMaría Machado
_85
_gMaría Machado
999 _c12394
_d12394